00312nam a2200121Ia 4500008004100000020002200041041000800063082002400071100001300095245003000108260004200138300001000180230519s9999 xx 000 0 und d a978-0-8036-1581-6 aeng a616.0754/DIL/DB0543 aDillon P aNursing Health Assessment bF A Davis CompanyaPhiladelphiac2007 a1090p